000 00791cab a2200241 4500
001 ABS54580
008 090401t1996 xxu||||| |||| 00| 0 eng d
035 _a(Sirsi) u11186
041 _aeng
245 _aPlay equipment and surfaces spotlight
260 _c1996
350 _a0
490 _aLandscape Design
_v(63) February 1996, 4-9(3)
520 _aSpecial feature on children`s playgrounds concentrating on their safety and cost. Includes a bibliography. list of organisations and list of suppliers of play equipment and surfaces.
650 _aCHILDREN
650 _aENVIRONMENTAL PERFORMANCE
650 _aHEALTH AND SAFETY
_96244
650 _aIMPACT ABSORBING SURFACES
650 _aPLAYGROUND
690 _aLEISURE AND RECREATION
942 _n0
948 _c04/03/1997
999 _c7120
_d7120